[Event "NB II. Asztalos csoport"]
[Site "Decs"]
[Date "2024.04.07"]
[Round "7.1"]
[White "Kele, Karoly"]
[Black "Papp, Tamas"]
[Result "0-1"]
[WhiteElo "2045"]
[BlackElo "2264"]
[PlyCount "82"]
[EventDate "2023.10.08"]
[EventType "team-tourn"]
[EventRounds "9"]
[EventCountry "HUN"]
[Source "chess.hu"]
[WhiteTeam "Karmin PSSE"]
[BlackTeam "Decs 1990"]
[WhiteTeamCountry "HUN"]
[BlackTeamCountry "HUN"]

1. e4 c5 2. Nf3 d6 3. d4 cxd4 4. Nxd4 Nf6 5. Nc3 Bd7 6. Be2 Bc6 7. Nxc6 bxc6 8.
O-O Nbd7 9. Be3 e5 10. f4 Be7 11. Kh1 O-O 12. Qd2 Qc7 13. Bf3 Rab8 14. b3 Rfe8
15. f5 Nb6 16. g4 d5 17. exd5 Bb4 18. d6 Qd7 19. Bxb6 axb6 20. a3 Bxc3 21. Qxc3
e4 22. Be2 Qxd6 23. a4 Nd5 24. Qh3 Qe5 25. Rae1 Rbd8 26. Bc4 h6 27. f6 Nf4 28.
Qe3 g5 29. Rd1 b5 30. axb5 cxb5 31. Be2 Rxd1 32. Rxd1 Nxe2 33. Qxe2 Qxf6 34.
Kg2 e3 35. Rf1 Qc6+ 36. Rf3 b4 37. Kf1 Qe4 38. h3 Re7 39. Kg1 Re6 40. Kh2 Kg7
41. Kg1 Qxf3 0-1

[Event "NB II. Asztalos csoport"]
[Site "Decs"]
[Date "2024.04.07"]
[Round "7.2"]
[White "Kiss, Lajos"]
[Black "Hrubos, Viktor"]
[Result "1-0"]
[WhiteElo "2163"]
[BlackElo "1943"]
[PlyCount "83"]
[EventDate "2023.10.08"]
[EventType "team-tourn"]
[EventRounds "9"]
[EventCountry "HUN"]
[Source "chess.hu"]
[WhiteTeam "Decs 1990"]
[BlackTeam "Karmin PSSE"]
[WhiteTeamCountry "HUN"]
[BlackTeamCountry "HUN"]

1. d4 e6 2. c4 Nf6 3. Nf3 b6 4. g3 Ba6 5. b3 Bb4+ 6. Bd2 Be7 7. Nc3 d5 8. cxd5
exd5 9. Bg2 O-O 10. O-O c6 11. a3 Ne4 12. Be1 Bf6 13. Ne5 Nd6 14. f4 Nf5 15.
Bf2 g6 16. Qc2 Ne7 17. Rfd1 Bg7 18. e4 f6 19. exd5 cxd5 20. Ng4 Qd7 21. Ne3 Bb7
22. b4 Na6 23. f5 Rfd8 24. g4 Rac8 25. Qd3 Nc7 26. b5 a5 27. bxa6 Bxa6 28. Qb1
gxf5 29. gxf5 Kh8 30. Qxb6 Rb8 31. Qa5 Rb2 32. Rab1 Rxf2 33. Kxf2 Qd6 34. Kg1
Qf4 35. Nexd5 Nexd5 36. Nxd5 Rxd5 37. Bxd5 Bf8 38. Bc6 Bd6 39. Qd2 Qxf5 40. Kh1
Nd5 41. Re1 Kg7 42. Qg2+ 1-0

[Event "NB II. Asztalos csoport"]
[Site "Decs"]
[Date "2024.04.07"]
[Round "7.3"]
[White "Albrecht, Akos"]
[Black "Nagybiro, Laszlo"]
[Result "0-1"]
[WhiteElo "1926"]
[BlackElo "2102"]
[PlyCount "72"]
[EventDate "2023.10.08"]
[EventType "team-tourn"]
[EventRounds "9"]
[EventCountry "HUN"]
[Source "chess.hu"]
[WhiteTeam "Karmin PSSE"]
[BlackTeam "Decs 1990"]
[WhiteTeamCountry "HUN"]
[BlackTeamCountry "HUN"]

1. e4 e5 2. Nf3 Nc6 3. Bb5 a6 4. Ba4 Nge7 5. O-O g6 6. d4 exd4 7. Nxd4 Bg7 8.
Nxc6 Nxc6 9. Bd2 Bxb2 10. Nc3 b5 11. Bb3 b4 12. Nd5 O-O 13. Bh6 Bg7 14. Bxg7
Kxg7 15. Qc1 Bb7 16. Qb2+ f6 17. f4 Ne7 18. Nxb4 Bxe4 19. Qd4 Bb7 20. Rad1 d6
21. Be6 a5 22. Nd3 Nc6 23. Qc3 Qb8 24. f5 Qa7+ 25. Kh1 g5 26. Nf4 gxf4 27. Rxf4
Ne7 28. Rg4+ Kh8 29. Rd3 Qf2 30. h3 Bc6 31. Rdg3 Rab8 32. Bb3 Qc5 33. Rg8+ Nxg8
34. Rxg8+ Rxg8 35. Qxf6+ Rg7 36. h4 Qf2 0-1

[Event "NB II. Asztalos csoport"]
[Site "Decs"]
[Date "2024.04.07"]
[Round "7.4"]
[White "Gal, Peter"]
[Black "Varga, Zsolt"]
[Result "1-0"]
[WhiteElo "2032"]
[BlackElo "1941"]
[PlyCount "109"]
[EventDate "2023.10.08"]
[EventType "team-tourn"]
[EventRounds "9"]
[EventCountry "HUN"]
[Source "chess.hu"]
[WhiteTeam "Decs 1990"]
[BlackTeam "Karmin PSSE"]
[WhiteTeamCountry "HUN"]
[BlackTeamCountry "HUN"]

1. d4 d5 2. c4 c6 3. Nc3 e5 4. cxd5 cxd5 5. dxe5 d4 6. Qa4+ Nc6 7. Ne4 Qd5 8.
Nd6+ Bxd6 9. exd6 Qxd6 10. Nf3 Nf6 11. g3 O-O 12. Bg2 Bd7 13. Bf4 Qc5 14. O-O
Rfe8 15. Rac1 Qb6 16. e3 dxe3 17. Bxe3 Rxe3 18. fxe3 Qxe3+ 19. Kh1 Ng4 20. Qc2
Qh6 21. Qd2 Qxd2 22. Nxd2 Ne3 23. Rfe1 Nxg2 24. Kxg2 f6 25. Red1 Ne5 26. Nc4
Bc6+ 27. Kf2 Ng4+ 28. Kg1 Bf3 29. Rd7 Bc6 30. Rd4 h5 31. Na5 Bf3 32. Rc3 Ne5
33. Kf2 Bh1 34. h3 b5 35. Rc7 a6 36. Nb3 a5 37. Nc5 Re8 38. Nb7 Bxb7 39. Rxb7
b4 40. Rc7 Kh7 41. Rc5 a4 42. Rb5 Rc8 43. Rbxb4 Rc2+ 44. Ke3 a3 45. Rd2 Rc1 46.
b3 Rc3+ 47. Ke4 Rxg3 48. Rh2 Nd3 49. Rc4 Ne5 50. Ra4 h4 51. Rxa3 g5 52. Ra5 Kg6
53. Rxe5 fxe5 54. Kxe5 Re3+ 55. Kd4 1-0

[Event "NB II. Asztalos csoport"]
[Site "Decs"]
[Date "2024.04.07"]
[Round "7.5"]
[White "Mitric, Milutin"]
[Black "Horvath, Balazs"]
[Result "1/2-1/2"]
[WhiteElo "1842"]
[BlackElo "2083"]
[PlyCount "89"]
[EventDate "2023.10.08"]
[EventType "team-tourn"]
[EventRounds "9"]
[EventCountry "HUN"]
[Source "chess.hu"]
[WhiteTeam "Karmin PSSE"]
[BlackTeam "Decs 1990"]
[WhiteTeamCountry "HUN"]
[BlackTeamCountry "HUN"]

1. d4 Nf6 2. Nf3 g6 3. Bf4 Bg7 4. e3 O-O 5. Be2 d6 6. Nbd2 Nbd7 7. h3 b6 8. c3
Bb7 9. O-O Re8 10. Bc4 c5 11. a4 e5 12. dxe5 Nxe5 13. Nxe5 dxe5 14. Bg5 Qc7 15.
Qe2 e4 16. Bf4 Qe7 17. Rfd1 Red8 18. Nf1 Nd5 19. Bg3 Be5 20. Bxe5 Qxe5 21. a5
Kg7 22. Rd2 Nc7 23. Rxd8 Rxd8 24. axb6 axb6 25. Ra7 Bc6 26. Qg4 b5 27. Bb3 c4
28. Bc2 Ne6 29. Qh4 Ra8 30. Rxa8 Bxa8 31. Ng3 Nc5 32. Qd8 Qd5 33. Qxd5 Bxd5 34.
Kf1 Nd3 35. Bxd3 exd3 36. e4 Bc6 37. f3 Kf6 38. Kf2 Ke5 39. Ke3 f5 40. exf5
gxf5 41. Nf1 f4+ 42. Kf2 Bd7 43. Nd2 Bf5 44. Ke1 Kd5 45. Kd1 1/2-1/2

[Event "NB II. Asztalos csoport"]
[Site "Decs"]
[Date "2024.04.07"]
[Round "7.6"]
[White "Balazs, Imre"]
[Black "Pinter, Szabolcs Peter"]
[Result "1/2-1/2"]
[WhiteElo "2013"]
[BlackElo "1807"]
[PlyCount "35"]
[EventDate "2023.10.08"]
[EventType "team-tourn"]
[EventRounds "9"]
[EventCountry "HUN"]
[Source "chess.hu"]
[WhiteTeam "Decs 1990"]
[BlackTeam "Karmin PSSE"]
[WhiteTeamCountry "HUN"]
[BlackTeamCountry "HUN"]

1. e4 d6 2. d4 Nf6 3. Nc3 e5 4. dxe5 dxe5 5. Qxd8+ Kxd8 6. Bc4 Be6 7. Bxe6 fxe6
8. Nf3 Bd6 9. Bg5 h6 10. Bh4 c6 11. O-O-O Ke7 12. Bg3 Nbd7 13. Nh4 Nf8 14. Rd3
g5 15. Nf3 Ng6 16. Rhd1 Rad8 17. a3 Nh5 18. R3d2 1/2-1/2

[Event "NB II. Asztalos csoport"]
[Site "Decs"]
[Date "2024.04.07"]
[Round "7.7"]
[White "Dani, Ferenc"]
[Black "Barbarics, Tamas"]
[Result "1/2-1/2"]
[WhiteElo "1707"]
[BlackElo "1994"]
[PlyCount "39"]
[EventDate "2023.10.08"]
[EventType "team-tourn"]
[EventRounds "9"]
[EventCountry "HUN"]
[Source "chess.hu"]
[WhiteTeam "Karmin PSSE"]
[BlackTeam "Decs 1990"]
[WhiteTeamCountry "HUN"]
[BlackTeamCountry "HUN"]

1. Nf3 c5 2. e4 Nc6 3. d4 cxd4 4. Nxd4 e5 5. Nxc6 bxc6 6. Nc3 Bb4 7. Bd3 Nf6 8.
O-O O-O 9. Ne2 d5 10. Ng3 a5 11. a3 Bc5 12. Qe2 Bg4 13. Qe1 Re8 14. h3 Bc8 15.
Kh1 Ba6 16. Bxa6 Rxa6 17. Bd2 Qb6 18. b3 Raa8 19. f3 Bf8 20. Nf5 1/2-1/2

[Event "NB II. Asztalos csoport"]
[Site "Decs"]
[Date "2024.04.07"]
[Round "7.8"]
[White "Forster, Tamas"]
[Black "Fenyvesi, Lajos"]
[Result "1-0"]
[WhiteElo "1985"]
[BlackElo "1752"]
[PlyCount "109"]
[EventDate "2023.10.08"]
[EventType "team-tourn"]
[EventRounds "9"]
[EventCountry "HUN"]
[Source "chess.hu"]
[WhiteTeam "Decs 1990"]
[BlackTeam "Karmin PSSE"]
[WhiteTeamCountry "HUN"]
[BlackTeamCountry "HUN"]

1. e4 e5 2. Nf3 d6 3. d4 exd4 4. Nxd4 Nf6 5. Nc3 h6 6. Be2 Be7 7. O-O O-O 8. f4
c5 9. Nf3 Nc6 10. h3 a6 11. a4 Qb6 12. Kh2 Qd8 13. Bc4 Be6 14. Bd5 Bxd5 15.
exd5 Nb8 16. Be3 Nbd7 17. Nd2 Nh7 18. Qf3 Bf6 19. Nde4 Be7 20. Rfe1 Re8 21. Re2
Rb8 22. a5 Ndf6 23. Nd2 Nd7 24. Nc4 Qc7 25. Na4 Nhf6 26. Rae1 Kf8 27. g4 Nh7
28. Bd2 Bf6 29. Rxe8+ Rxe8 30. Rxe8+ Kxe8 31. Qe4+ Be7 32. Qxh7 Nf6 33. Qd3 h5
34. g5 Nd7 35. Qe2 g6 36. Bc3 Kf8 37. Nab6 Qd8 38. Qe4 Kg8 39. Nc8 Bf8 40.
N8xd6 Bxd6 41. Nxd6 Qf8 42. Qe8 Qxe8 43. Nxe8 Kf8 44. Nf6 Ke7 45. Nxd7 Kxd7 46.
Be5 Ke7 47. Kg3 Kd7 48. Kf3 Ke7 49. Ke2 Kd7 50. Kd3 b5 51. axb6 Kc8 52. Kc4 Kb7
53. Kxc5 a5 54. Kb5 a4 55. c4 1-0

[Event "NB II. Asztalos csoport"]
[Site "Dunaujvaros"]
[Date "2024.04.21"]
[Round "8.1"]
[White "Kele, Karoly"]
[Black "Janoshalmi, Attila"]
[Result "1/2-1/2"]
[WhiteElo "2045"]
[BlackElo "2205"]
[PlyCount "54"]
[EventDate "2023.10.08"]
[EventType "team-tourn"]
[EventRounds "9"]
[EventCountry "HUN"]
[Source "chess.hu"]
[WhiteTeam "Karmin PSSE"]
[BlackTeam "Racalmas-Kiralysakk "]
[WhiteTeamCountry "HUN"]
[BlackTeamCountry "HUN"]

1. e4 e6 2. d4 d5 3. Nd2 Nf6 4. e5 Nfd7 5. Bd3 c5 6. c3 Nc6 7. Ne2 cxd4 8. cxd4
f6 9. exf6 Nxf6 10. O-O Bd6 11. Nf3 O-O 12. Bf4 Bxf4 13. Nxf4 Ne4 14. g3 Ng5
15. Nxg5 Qxg5 16. Ne2 e5 17. dxe5 Qxe5 18. Qd2 Bg4 19. f4 Qd6 20. Nc3 Rad8 21.
Rae1 a6 22. a3 Bh3 23. Rf2 Kh8 24. Qd1 Bf5 25. Bxf5 Rxf5 26. Qd3 Rdf8 27. Rd2
Qc5+ 1/2-1/2

[Event "NB II. Asztalos csoport"]
[Site "Dunaujvaros"]
[Date "2024.04.21"]
[Round "8.2"]
[White "Remenyi, Szilard"]
[Black "Hrubos, Viktor"]
[Result "1-0"]
[WhiteElo "1981"]
[BlackElo "1943"]
[PlyCount "123"]
[EventDate "2023.10.08"]
[EventType "team-tourn"]
[EventRounds "9"]
[EventCountry "HUN"]
[Source "chess.hu"]
[WhiteTeam "Racalmas-Kiralysakk "]
[BlackTeam "Karmin PSSE"]
[WhiteTeamCountry "HUN"]
[BlackTeamCountry "HUN"]

1. d4 Nf6 2. c4 c5 3. Nf3 cxd4 4. Nxd4 e5 5. Nb5 d5 6. cxd5 a6 7. N5c3 Bf5 8.
Bg5 Bc5 9. e3 Nbd7 10. Bd3 Bxd3 11. Qxd3 Qb6 12. Nd2 Rc8 13. Rb1 Qb4 14. O-O
Qg4 15. Bxf6 gxf6 16. Qe4 Qxe4 17. Ndxe4 Ke7 18. Ng3 Nb6 19. Nf5+ Kd7 20. Rfd1
Bd6 21. Ne4 Be7 22. Nc3 Rc4 23. e4 Bd6 24. Ne3 Rd4 25. Kf1 Rc8 26. Ke2 Bb4 27.
f3 Rc7 28. Rdc1 Nc8 29. a3 Ba5 30. b4 Bb6 31. Na4 Ba7 32. Rxc7+ Kxc7 33. Nb2
Nd6 34. Nc2 Nb5 35. Rc1 Nc3+ 36. Ke1 Na2 37. Ra1 Nc3 38. Nxd4 Bxd4 39. Rc1 Kd7
40. Nc4 f5 41. Kd2 Na4 42. exf5 f6 43. Rc2 b5 44. Ne3 Nb6 45. Kd3 Kd6 46. Rc6+
Kd7 47. Rxf6 Bxe3 48. Rf7+ Ke8 49. Rxh7 Nxd5 50. Kc2 Bb6 51. g4 Bd8 52. h4 e4
53. fxe4 Ne3+ 54. Kd3 Nxg4 55. Ra7 Bxh4 56. Rxa6 Bf2 57. Ra5 Ne5+ 58. Ke2 Bd4
59. Rxb5 Nc6 60. Kd3 Bb2 61. a4 Kd7 62. Kc4 1-0

[Event "NB II. Asztalos csoport"]
[Site "Dunaujvaros"]
[Date "2024.04.21"]
[Round "8.3"]
[White "Albrecht, Akos"]
[Black "Katona, Ferenc"]
[Result "1-0"]
[WhiteElo "1926"]
[BlackElo "2114"]
[PlyCount "149"]
[EventDate "2023.10.08"]
[EventType "team-tourn"]
[EventRounds "9"]
[EventCountry "HUN"]
[Source "chess.hu"]
[WhiteTeam "Karmin PSSE"]
[BlackTeam "Racalmas-Kiralysakk "]
[WhiteTeamCountry "HUN"]
[BlackTeamCountry "HUN"]

1. d4 d5 2. Bf4 f5 3. e3 e6 4. c4 c6 5. Nf3 Bd6 6. Nc3 Nf6 7. Bd3 O-O 8. O-O
Ne4 9. Ne5 Qe7 10. f3 Nxc3 11. bxc3 Nd7 12. Nxd7 Bxd7 13. Bxd6 Qxd6 14. f4 Kh8
15. a4 Rg8 16. c5 Qe7 17. a5 g5 18. Rb1 Rab8 19. Rf2 Be8 20. Rfb2 Qc7 21. fxg5
Rxg5 22. Qf3 Rg4 23. a6 b5 24. cxb6 axb6 25. c4 Bg6 26. cxd5 cxd5 27. Rc2 Qd6
28. Rbc1 Rg8 29. Rc6 Qa3 30. R6c3 Qd6 31. Rc6 Qa3 32. h3 Be8 33. hxg4 Bxc6 34.
Rxc6 Qxd3 35. gxf5 exf5 36. Rxb6 Qc3 37. Rb1 Qa3 38. a7 Qxa7 39. Qxd5 Qg7 40.
Qf3 Qg5 41. Rb5 Re8 42. Rxf5 Qxe3+ 43. Qxe3 Rxe3 44. Rg5 h6 45. Rg4 Kh7 46. Kf2
Re8 47. Kf3 h5 48. Rg3 Kh6 49. Kf4 h4 50. Rh3 Rf8+ 51. Ke5 Kg5 52. g3 Re8+ 53.
Kd5 Rd8+ 54. Kc5 Rc8+ 55. Kd5 Rd8+ 56. Ke4 Re8+ 57. Kd3 hxg3 58. Rxg3+ Kf4 59.
Rh3 Ra8 60. Rh7 Kf5 61. Re7 Rd8 62. Re5+ Kf6 63. Ke4 Ra8 64. Kd3 Ra3+ 65. Kc4
Ra4+ 66. Kc3 Ra8 67. Kb4 Ra1 68. Re2 Kf7 69. d5 Rb1+ 70. Kc5 Rc1+ 71. Kb6 Rb1+
72. Kc7 Rc1+ 73. Kd7 Ra1 74. Rf2+ Kg6 75. d6 1-0

[Event "NB II. Asztalos csoport"]
[Site "Dunaujvaros"]
[Date "2024.04.21"]
[Round "8.4"]
[White "Mohacsi, Andras J"]
[Black "Varga, Zsolt"]
[Result "1/2-1/2"]
[WhiteElo "2110"]
[BlackElo "1941"]
[PlyCount "30"]
[EventDate "2023.10.08"]
[EventType "team-tourn"]
[EventRounds "9"]
[EventCountry "HUN"]
[Source "chess.hu"]
[WhiteTeam "Racalmas-Kiralysakk "]
[BlackTeam "Karmin PSSE"]
[WhiteTeamCountry "HUN"]
[BlackTeamCountry "HUN"]

1. e4 c5 2. Nf3 d6 3. d4 cxd4 4. Qxd4 a6 5. Be3 Nc6 6. Qd2 Nf6 7. Nc3 e6 8. Be2
Be7 9. a4 O-O 10. O-O Qc7 11. Nd4 Bd7 12. f4 Rac8 13. Nb3 g6 14. Kh1 Nb4 15.
Rac1 d5 1/2-1/2

[Event "NB II. Asztalos csoport"]
[Site "Dunaujvaros"]
[Date "2024.04.21"]
[Round "8.6"]
[White "Zsigmond, Karoly"]
[Black "Feher, Laszlo"]
[Result "1/2-1/2"]
[WhiteElo "1875"]
[BlackElo "1795"]
[PlyCount "54"]
[EventDate "2023.10.08"]
[EventType "team-tourn"]
[EventRounds "9"]
[EventCountry "HUN"]
[Source "chess.hu"]
[WhiteTeam "Racalmas-Kiralysakk "]
[BlackTeam "Karmin PSSE"]
[WhiteTeamCountry "HUN"]
[BlackTeamCountry "HUN"]

1. d4 c6 2. e4 d5 3. Bd3 dxe4 4. Bxe4 Nf6 5. Bf3 Bf5 6. c4 e6 7. Nc3 Bb4 8.
Nge2 O-O 9. O-O Qc7 10. g3 Nbd7 11. a3 Be7 12. b4 e5 13. d5 e4 14. Bg2 Rfd8 15.
Qa4 cxd5 16. cxd5 Nb6 17. Qb3 Nbxd5 18. Bf4 Nxf4 19. Nxf4 g5 20. Nfd5 Nxd5 21.
Nxd5 Qe5 22. Nxe7+ Qxe7 23. Rfe1 Qf6 24. Qe3 Rd4 25. Rac1 b6 26. Qb3 Re8 27.
Qb2 Rc8 1/2-1/2

[Event "NB II. Asztalos csoport"]
[Site "Dunaujvaros"]
[Date "2024.04.21"]
[Round "8.7"]
[White "Nagy, Peter"]
[Black "Szabo, Levente"]
[Result "1/2-1/2"]
[WhiteElo "1845"]
[BlackElo "1915"]
[PlyCount "24"]
[EventDate "2023.10.08"]
[EventType "team-tourn"]
[EventRounds "9"]
[EventCountry "HUN"]
[Source "chess.hu"]
[WhiteTeam "Karmin PSSE"]
[BlackTeam "Racalmas-Kiralysakk "]
[WhiteTeamCountry "HUN"]
[BlackTeamCountry "HUN"]

1. Nf3 Nf6 2. b3 g6 3. Bb2 Bg7 4. e3 d5 5. d4 O-O 6. Be2 Nbd7 7. O-O Ne4 8.
Nbd2 Ndf6 9. Nxe4 Nxe4 10. Nd2 Nxd2 11. Qxd2 c5 12. c4 cxd4 1/2-1/2

[Event "NB II. Asztalos csoport"]
[Site "Dunaujvaros"]
[Date "2024.04.21"]
[Round "8.8"]
[White "Csernyiczky, Laszlo"]
[Black "Pinter, Szabolcs Peter"]
[Result "0-1"]
[WhiteElo "1960"]
[BlackElo "1807"]
[PlyCount "77"]
[EventDate "2023.10.08"]
[EventType "team-tourn"]
[EventRounds "9"]
[EventCountry "HUN"]
[Source "chess.hu"]
[WhiteTeam "Racalmas-Kiralysakk "]
[BlackTeam "Karmin PSSE"]
[WhiteTeamCountry "HUN"]
[BlackTeamCountry "HUN"]

1. e4 d6 2. d4 Nf6 3. Nc3 e5 4. dxe5 dxe5 5. Qxd8+ Kxd8 6. Bg5 Nbd7 7. O-O-O c6
8. Bc4 Bc5 9. Nf3 Kc7 10. Bh4 Ng4 11. Rd2 f6 12. h3 Nh6 13. g4 g5 14. Bg3 Rf8
15. a3 b5 16. Be6 Nb6 17. Bxc8 Raxc8 18. b4 Bd6 19. Rd3 Nf7 20. Kb2 Nc4+ 21.
Kb3 a5 22. h4 axb4 23. axb4 Ra8 24. Nb1 Ra1 25. Nfd2 Nxd2+ 26. Rxd2 Rfa8 27.
Rhd1 R1a4 28. c3 Rd8 29. hxg5 Nxg5 30. Re2 c5 31. bxc5 Bxc5 32. Rxd8 Kxd8 33.
Nd2 Ra3+ 34. Kb2 Ke7 35. Bh4 Ne6 36. Nb3 b4 37. Rc2 bxc3+ 38. Rxc3 Bd6 39. Rc6
0-1

[Event "NB II. Asztalos csoport"]
[Site "Dunaujvaros"]
[Date "2024.04.21"]
[Round "8.9"]
[White "Dani, Ferenc"]
[Black "Szabo, Levente Jr"]
[Result "1/2-1/2"]
[WhiteElo "1707"]
[BlackElo "1873"]
[PlyCount "119"]
[EventDate "2023.10.08"]
[EventType "team-tourn"]
[EventRounds "9"]
[EventCountry "HUN"]
[Source "chess.hu"]
[WhiteTeam "Karmin PSSE"]
[BlackTeam "Racalmas-Kiralysakk "]
[WhiteTeamCountry "HUN"]
[BlackTeamCountry "HUN"]

1. Nf3 d5 2. d4 Nf6 3. g3 g6 4. Bg2 Bg7 5. O-O O-O 6. Nbd2 c6 7. a4 Nbd7 8. Ne1
e5 9. dxe5 Nxe5 10. Nd3 Qe7 11. Nxe5 Qxe5 12. Nf3 Qe7 13. c3 Re8 14. e3 Bg4 15.
h3 Bd7 16. Nd4 Ne4 17. Qe1 c5 18. Ne2 Rad8 19. f3 Nd6 20. Nf4 Bc6 21. Rf2 Qd7
22. Nd3 b6 23. Ra2 Bxa4 24. b4 c4 25. Nf4 Bc6 26. Ne2 Nf5 27. Nd4 Nxd4 28. cxd4
Bxd4 29. Rfe2 Bg7 30. Kh2 b5 31. Ra3 Re7 32. Rea2 Ra8 33. g4 d4 34. e4 Qd6+ 35.
f4 Qd7 36. e5 Bxg2 37. Kxg2 Qd5+ 38. Kg3 f6 39. Qf2 fxe5 40. fxe5 Bxe5+ 41. Bf4
Rf7 42. Rf3 Bxf4+ 43. Rxf4 Rxf4 44. Qxf4 Rf8 45. Qc7 Qf3+ 46. Kh4 Qf6+ 47. Kg3
Rf7 48. Qb8+ Kg7 49. Qxb5 Qf4+ 50. Kh4 g5+ 51. Kh5 Qf6 52. Ra6 Qe7 53. Qxc4 Qe3
54. Qc6 Qxh3+ 55. Kxg5 Qe3+ 56. Kh5 Qe5+ 57. Kh4 Qe7+ 58. Kh5 Qe5+ 59. Kh4 Qh2+
60. Kg5 1/2-1/2

[Event "NB II. Asztalos csoport"]
[Site "Nagyatad"]
[Date "2024.04.21"]
[Round "8.1"]
[White "Papp, Tamas"]
[Black "Vrban, Mladen"]
[Result "1/2-1/2"]
[WhiteElo "2264"]
[BlackElo "2276"]
[PlyCount "46"]
[EventDate "2023.10.08"]
[EventType "team-tourn"]
[EventRounds "9"]
[EventCountry "HUN"]
[Source "chess.hu"]
[WhiteTeam "Decs 1990"]
[BlackTeam "Sakk Egylet Nagyatad"]
[WhiteTeamCountry "HUN"]
[BlackTeamCountry "HUN"]

1. e4 c5 2. Nc3 d6 3. Bb5+ Nd7 4. d4 a6 5. Bxd7+ Bxd7 6. a4 g6 7. dxc5 dxc5 8.
Bf4 Bc6 9. Qxd8+ Rxd8 10. Nge2 Nf6 11. f3 Bg7 12. Bc7 Rc8 13. Be5 O-O 14. a5
Rfd8 15. Rd1 Rxd1+ 16. Nxd1 Rd8 17. Ndc3 Bh6 18. Bf4 Bg7 19. Kf2 Kf8 20. Be3
Nd7 21. Rd1 Ke8 22. b3 Be5 23. Bf4 Bd4+ 1/2-1/2

[Event "NB II. Asztalos csoport"]
[Site "Nagyatad"]
[Date "2024.04.21"]
[Round "8.2"]
[White "Matko, Ognjen"]
[Black "Taskovits, Istvan"]
[Result "1/2-1/2"]
[WhiteElo "2258"]
[BlackElo "2332"]
[PlyCount "89"]
[EventDate "2023.10.08"]
[EventType "team-tourn"]
[EventRounds "9"]
[EventCountry "HUN"]
[Source "chess.hu"]
[WhiteTeam "Sakk Egylet Nagyatad"]
[BlackTeam "Decs 1990"]
[WhiteTeamCountry "HUN"]
[BlackTeamCountry "HUN"]

1. e4 c5 2. c3 d5 3. exd5 Qxd5 4. d4 e6 5. Nf3 Nf6 6. Na3 a6 7. Nc4 Nbd7 8. Be2
cxd4 9. Qxd4 Bc5 10. Qxd5 Nxd5 11. a4 b6 12. O-O Bb7 13. Nfe5 Nxe5 14. Nxe5 f6
15. Nd3 Bd6 16. c4 Nb4 17. Nxb4 Bxb4 18. Be3 Bc5 19. b4 Bxe3 20. fxe3 O-O-O 21.
c5 Rd2 22. Rf2 bxc5 23. bxc5 Kc7 24. c6 Bxc6 25. Rc1 Kd6 26. Bf3 Rd5 27. Bxd5
exd5 28. Rb2 Bxa4 29. Rb6+ Ke5 30. Rxa6 Bb3 31. Ra7 g5 32. Rcc7 h5 33. Rab7 Bc4
34. Re7+ Kf5 35. Rh7 Ra8 36. Ra7 Rb8 37. Rhb7 Re8 38. Re7 Rb8 39. Reb7 Re8 40.
Kf2 h4 41. Re7 Rb8 42. Rab7 Ra8 43. Ra7 Rb8 44. Reb7 Re8 45. Re7 1/2-1/2

[Event "NB II. Asztalos csoport"]
[Site "Nagyatad"]
[Date "2024.04.21"]
[Round "8.3"]
[White "Kiss, Lajos"]
[Black "Horvath, Attila"]
[Result "1/2-1/2"]
[WhiteElo "2163"]
[BlackElo "2109"]
[PlyCount "81"]
[EventDate "2023.10.08"]
[EventType "team-tourn"]
[EventRounds "9"]
[EventCountry "HUN"]
[Source "chess.hu"]
[WhiteTeam "Decs 1990"]
[BlackTeam "Sakk Egylet Nagyatad"]
[WhiteTeamCountry "HUN"]
[BlackTeamCountry "HUN"]

1. d4 d5 2. c4 dxc4 3. e3 Nf6 4. Bxc4 a6 5. Nf3 e6 6. O-O c5 7. Nbd2 Nc6 8.
dxc5 Bxc5 9. a3 O-O 10. b4 Be7 11. Bb2 b5 12. Be2 Bb7 13. Rc1 Rc8 14. Nb3 Qb6
15. Nc5 Rfd8 16. Qb3 Nd7 17. Nxb7 Qxb7 18. Rfd1 Bf6 19. Nd2 Nce5 20. Bd4 Rxc1
21. Rxc1 Nc6 22. Bxf6 Nxf6 23. Bf3 Qd7 24. Qc3 Ne5 25. Qxe5 Qxd2 26. Qc7 Ne4
27. Qc2 Qxc2 28. Rxc2 f5 29. g4 Ng5 30. Be2 Rd6 31. h4 Ne4 32. g5 g6 33. Rc8+
Kg7 34. Rc7+ Kg8 35. Rc8+ Kg7 36. Bf3 Nd2 37. Bb7 Nb1 38. Rc7+ Kg8 39. Rc8+ Kg7
40. Rc7+ Kg8 41. Rc8+ 1/2-1/2

[Event "NB II. Asztalos csoport"]
[Site "Nagyatad"]
[Date "2024.04.21"]
[Round "8.4"]
[White "Molnar, Aurel Jr"]
[Black "Nagybiro, Laszlo"]
[Result "1-0"]
[WhiteElo "2071"]
[BlackElo "2102"]
[PlyCount "85"]
[EventDate "2023.10.08"]
[EventType "team-tourn"]
[EventRounds "9"]
[EventCountry "HUN"]
[Source "chess.hu"]
[WhiteTeam "Sakk Egylet Nagyatad"]
[BlackTeam "Decs 1990"]
[WhiteTeamCountry "HUN"]
[BlackTeamCountry "HUN"]

1. e4 e5 2. Nf3 Nc6 3. Bb5 a6 4. Ba4 Nf6 5. O-O Be7 6. Re1 b5 7. Bb3 d6 8. c3
O-O 9. h3 Nb8 10. d4 Nbd7 11. Nbd2 Bb7 12. Bc2 c5 13. d5 Re8 14. Nf1 Bf8 15.
Ng3 g6 16. Bg5 Bg7 17. Qd2 Rf8 18. Nh2 Qc7 19. Kh1 c4 20. Rf1 Nc5 21. f4 Nfd7
22. f5 f6 23. Be3 g5 24. Nh5 h6 25. h4 Qd8 26. b4 cxb3 27. axb3 a5 28. b4 axb4
29. Rxa8 Bxa8 30. cxb4 Na6 31. Bd3 Nc7 32. Rf3 Rf7 33. Rg3 Nf8 34. hxg5 hxg5
35. Bxg5 fxg5 36. Rxg5 Nh7 37. Rg6 Kh8 38. Nf3 Ne8 39. Bxb5 Nc7 40. Be2 Bf8 41.
f6 Nxf6 42. Nxf6 Rxf6 43. Qg5 1-0

[Event "NB II. Asztalos csoport"]
[Site "Nagyatad"]
[Date "2024.04.21"]
[Round "8.5"]
[White "Gal, Peter"]
[Black "Molnar, Aurel"]
[Result "1-0"]
[WhiteElo "2032"]
[BlackElo "2181"]
[PlyCount "39"]
[EventDate "2023.10.08"]
[EventType "team-tourn"]
[EventRounds "9"]
[EventCountry "HUN"]
[Source "chess.hu"]
[WhiteTeam "Decs 1990"]
[BlackTeam "Sakk Egylet Nagyatad"]
[WhiteTeamCountry "HUN"]
[BlackTeamCountry "HUN"]

1. d4 Nf6 2. Bg5 c5 3. Nc3 cxd4 4. Qxd4 Nc6 5. Qh4 a6 6. e4 e6 7. O-O-O b5 8.
Nf3 Qa5 9. Bxf6 gxf6 10. Qxf6 Rg8 11. Ng5 Rg7 12. h4 Ra7 13. Kb1 b4 14. Ne2 Qe5
15. Qh6 d6 16. f4 Qc5 17. Nxh7 Rc7 18. Nxf8 Ne5 19. Rc1 Nd3 20. cxd3 1-0